| 000 | 00498nam a2200181Ia 4500 | ||
|---|---|---|---|
| 003 | GCL | ||
| 008 | 140319s9999 xx 000 0 eng d | ||
| 040 |
_aGCL / _cGCL |
||
| 082 | 0 | 4 |
_a924 _bS L |
| 100 | 1 | _aREIBEL DAVID | |
| 245 | 1 | 0 |
_aLINDLEY MURRAY: GRAMMAR IN THE SCHOOL IN TRINITY LANE FOUNDED BY ESTHER TUKE 1785-1814 / _cREIBEL DAVID |
| 700 | 1 | _aSTURGE, H.WINIFRED | |
| 300 | _a343 P | ||
| 650 | 0 | 4 | _aMURRAY, LINDLEY |
| 650 | 0 | 4 | _aENGLISH LANGUAGE |
| 650 | 0 | 4 | _aBIOGRAPHY |
| 942 |
_2ddc _cBK |
||
| 999 |
_c13189 _d13189 |
||